[Event "Sunway Sitges Open 2017"]
[Site "Sitges ESP"]
[Date "2017.12.17"]
[Round "3.28"]
[White "Chu, Ruotong"]
[Black "Das, Sayantan"]
[Result "1-0"]
[BlackTitle "IM"]
[WhiteElo "2166"]
[BlackElo "2442"]
[WhiteFideId "8605653"]
[BlackFideId "5034426"]
[EventDate "2017.12.15"]

1. d4 d5 2. c4 e6 3. Nf3 c6 4. e3 Bd6 5. Bd3 f5 6. O-O Nf6 7. b3 Qe7 8. Bb2 Nbd7
9. Qc1 b6 10. cxd5 cxd5 11. Ba3 Bb7 12. Bxd6 Qxd6 13. Qa3 Ke7 14. Qxd6+ Kxd6 15.
Nc3 a6 16. Rfc1 Rhg8 17. Rc2 g5 18. Na4 g4 19. Ne5 Rac8 20. Rac1 Rxc2 21. Rxc2
Rf8 22. f4 gxf3 23. gxf3 b5 24. Nc5 Nxc5 25. Rxc5 f4 26. exf4 Nh5 27. Kf2 Nxf4
28. Bxh7 Nh3+ 29. Ke3 Nf4 30. Rc2 Nh5 31. Bg6 1-0

[Event "Sunway Sitges Open 2017"]
[Site "Sitges ESP"]
[Date "2017.12.17"]
[Round "3.29"]
[White "Starostits, Ilmars"]
[Black "Dardha, Arben"]
[Result "1-0"]
[WhiteTitle "GM"]
[BlackTitle "FM"]
[WhiteElo "2427"]
[BlackElo "2279"]
[WhiteFideId "11600748"]
[BlackFideId "4700481"]
[EventDate "2017.12.15"]

1. d4 Nf6 2. Nf3 e6 3. e3 b6 4. Bd3 Bb7 5. O-O c5 6. b3 Be7 7. Bb2 O-O 8. Nbd2
cxd4 9. Nxd4 Nc6 10. Nxc6 Bxc6 11. e4 d6 12. Qf3 Nd7 13. Qg3 Bf6 14. Bxf6 Nxf6
15. Rad1 Qe7 16. Rfe1 e5 17. Qh4 Rfe8 18. Nc4 Rad8 19. Ne3 g6 20. f3 Nd5 21.
Qxe7 Nxe7 22. a4 Kg7 23. Bb5 Rd7 24. Rd2 Red8 25. Red1 Bxb5 26. axb5 Kf6 27. c4
Ke6 28. Ra1 Rb8 29. Nc2 f5 30. Nb4 Rbb7 31. Kf2 Rbc7 32. Ke3 Ng8 33. Nc6 Ne7 34.
Nb8 Rd8 35. Na6 Rcc8 36. Nb4 Rd7 37. g4 f4+ 38. Kd3 h6 39. Rda2 Rcc7 40. h4 Kf7
41. Ra6 Ke6 42. Nc6 Nxc6 43. bxc6 Re7 44. b4 Rf7 45. b5 Rfe7 46. Kc3 Kf7 47. Kb4
g5 48. hxg5 hxg5 49. Rh1 Kg6 50. Rh8 Kf6 51. Rh6+ Kf7 52. Rxd6 Re6 53. c5 bxc5+
54. Kxc5 Rce7 55. Rd7 1-0

[Event "Sunway Sitges Open 2017"]
[Site "Sitges ESP"]
[Date "2017.12.17"]
[Round "3.30"]
[White "Raja, Harshit"]
[Black "Alok, Sinha"]
[Result "1-0"]
[WhiteTitle "IM"]
[WhiteElo "2420"]
[BlackElo "1905"]
[WhiteFideId "5089000"]
[BlackFideId "25072765"]
[EventDate "2017.12.15"]

1. e4 c5 2. Nf3 d6 3. d4 cxd4 4. Nxd4 Nf6 5. Nc3 g6 6. Be3 Bg7 7. f3 O-O 8. Qd2
Nc6 9. O-O-O Nxd4 10. Bxd4 Be6 11. Kb1 Qc7 12. h4 Rfc8 13. h5 Qa5 14. hxg6 hxg6
15. a3 Rab8 16. Bd3 b5 17. Qg5 d5 18. e5 Ne8 19. Qh4 Nc7 20. Bc5 Re8 21. Qh7+
Kf8 22. Be3 Rec8 23. Bh6 Ke8 24. Qxg7 b4 25. Ne4 bxa3 26. Nf6+ exf6 27. Qf8+ Kd7
28. Qd6+ Ke8 29. Bc1 1-0

[Event "Sunway Sitges Open 2017"]
[Site "Sitges ESP"]
[Date "2017.12.17"]
[Round "3.31"]
[White "Ojas, Kulkarni"]
[Black "Seyb, Alexander"]
[Result "1/2-1/2"]
[BlackTitle "IM"]
[WhiteElo "2278"]
[BlackElo "2411"]
[WhiteFideId "25040073"]
[BlackFideId "4699033"]
[EventDate "2017.12.15"]

1. e4 e5 2. Nf3 Nc6 3. Nc3 Nf6 4. d4 exd4 5. Nxd4 Bb4 6. Nxc6 bxc6 7. Bd3 O-O 8.
O-O d5 9. exd5 cxd5 10. Bg5 c6 11. Qf3 h6 12. Bxf6 Qxf6 13. Qxf6 gxf6 14. Ne2
Re8 15. Ng3 Rb8 16. Rad1 a5 17. c4 Be6 18. cxd5 Bxd5 19. b3 a4 20. Nh5 Bc3 21.
Nf4 axb3 22. Nxd5 cxd5 23. axb3 Rxb3 24. Rb1 Ra3 25. Rfd1 Re5 26. Bc2 d4 27. Bd3
Kg7 28. Kf1 Rh5 29. h3 Rha5 30. Rb7 Ra1 31. Rxa1 Rxa1+ 32. Rb1 Rxb1+ 33. Bxb1 1/2-1/2

[Event "Sunway Sitges Open 2017"]
[Site "Sitges ESP"]
[Date "2017.12.17"]
[Round "3.32"]
[White "Rodriguez Alvarez, Vidal"]
[Black "Cernousek, Lukas"]
[Result "1/2-1/2"]
[WhiteTitle "CM"]
[BlackTitle "IM"]
[WhiteElo "2256"]
[BlackElo "2456"]
[WhiteFideId "3901343"]
[BlackFideId "311707"]
[EventDate "2017.12.15"]

1. Nf3 d5 2. c4 d4 3. b4 f6 4. Na3 e5 5. Nc2 Na6 6. Rb1 Bd7 7. d3 Ba4 8. a3 c5
9. b5 Nc7 10. g3 a6 11. bxa6 b5 12. Nd2 Ne7 13. Bg2 Rxa6 14. O-O bxc4 15. Nxc4
Ned5 16. Bb2 Nb5 17. Qd2 Be7 18. Rfc1 O-O 19. Ne1 Qd7 20. Nf3 Bd8 21. Nh4 Qe6
22. e4 Nb6 23. Nf5 g6 24. Nh4 Kg7 25. f4 Nxc4 26. Rxc4 Be7 27. Bc1 Rb8 28. f5
Qg8 29. fxg6 hxg6 30. Bh3 Qh7 31. Rxa4 Rxa4 32. Bd7 Qh5 33. Rxb5 Rxb5 34. Bxb5
Ra8 35. a4 f5 36. exf5 Bxh4 37. gxh4 Qg4+ 38. Qg2 Qd1+ 39. Kf2 Qc2+ 40. Kf3 e4+
41. dxe4 Qd1+ 42. Kf2 Qc2+ 43. Be2 Qxc1 44. Qxg6+ Kh8 45. Qf6+ Kh7 46. Qg6+ Kh8
47. Qf6+ Kh7 48. Qg6+ 1/2-1/2

[Event "Sunway Sitges Open 2017"]
[Site "Sitges ESP"]
[Date "2017.12.17"]
[Round "3.33"]
[White "Zherebtsova, Alexandra"]
[Black "Cruz, Jonathan"]
[Result "1-0"]
[WhiteTitle "WFM"]
[BlackTitle "IM"]
[WhiteElo "2243"]
[BlackElo "2432"]
[WhiteFideId "24129518"]
[BlackFideId "3802124"]
[EventDate "2017.12.15"]

1. d4 Nf6 2. Nf3 c5 3. e3 g6 4. c4 Bg7 5. Nc3 cxd4 6. exd4 d5 7. Ne5 O-O 8. Be3
Nc6 9. Be2 dxc4 10. Nxc6 bxc6 11. O-O Be6 12. Na4 Rb8 13. Bf4 Rb5 14. Nc5 Rxb2
15. Nxe6 fxe6 16. Bxc4 Nd5 17. Bg3 Qb6 18. Qg4 Bxd4 19. Qxe6+ Rf7 20. Rad1 Bf6
21. Bf4 Bg7 22. Be3 Qd8 23. Rxd5 cxd5 24. Bxd5 Qe8 25. Rc1 Rb8 26. Bxa7 Rd8 27.
Qxf7+ Qxf7 28. Bxf7+ Kxf7 29. Bc5 Ra8 30. a3 e5 31. Bb4 Ra7 32. Kf1 Ke6 33. Ke2
e4 34. Rc6+ Kd5 35. Rd6+ Ke5 36. Rc6 Kd5 37. Rc5+ Kd4 38. Rc8 Kd5 39. Rd8+ Ke6
40. Re8+ Kd5 41. Re7 Bd4 42. Rxa7 Bxa7 43. Bd2 Kc4 44. a4 Bc5 45. a5 Kb5 46. h3
Be7 47. f3 exf3+ 48. Kxf3 Bd8 49. Ke4 h5 50. Ke5 g5 51. Kf5 g4 52. hxg4 hxg4 53.
Kxg4 Bc7 54. Kf5 Bg3 55. Ke4 Ka6 56. Kf3 Bh4 57. g4 Kb5 58. Ke4 Be7 59. Kf5 Bd8
60. Bc3 Ka6 61. Bf6 Bxa5 62. g5 Bd2 63. g6 Bh6 64. Ke6 Kb7 65. Kf7 Kc6 66. Bg5 1-0

[Event "Sunway Sitges Open 2017"]
[Site "Sitges ESP"]
[Date "2017.12.18"]
[Round "4.1"]
[White "Melkumyan, Hrant"]
[Black "Peralta, Fernando"]
[Result "1-0"]
[WhiteTitle "GM"]
[BlackTitle "GM"]
[WhiteElo "2633"]
[BlackElo "2556"]
[WhiteFideId "13302485"]
[BlackFideId "105309"]
[EventDate "2017.12.15"]

1. c4 Nf6 2. Nf3 e6 3. g3 d5 4. Bg2 dxc4 5. O-O Nbd7 6. Qc2 Nb6 7. a4 a5 8. Na3
Bxa3 9. Rxa3 O-O 10. d3 cxd3 11. Rxd3 Nbd5 12. Rdd1 Qe7 13. Ne5 Ra6 14. b3 Nb4
15. Qc4 Rd6 16. Ba3 Qd8 17. Rc1 Nd7 18. Nd3 c5 19. Nxc5 Nxc5 20. Bxb4 axb4 21.
Qxc5 b6 22. Qxb4 e5 23. Rxc8 1-0

[Event "Sunway Sitges Open 2017"]
[Site "Sitges ESP"]
[Date "2017.12.18"]
[Round "4.2"]
[White "Kozul, Zdenko"]
[Black "Saduakassova, Dinara"]
[Result "1/2-1/2"]
[WhiteTitle "GM"]
[BlackTitle "IM"]
[WhiteElo "2607"]
[BlackElo "2460"]
[WhiteFideId "14502879"]
[BlackFideId "13700090"]
[EventDate "2017.12.15"]

1. d4 Nf6 2. c4 e6 3. g3 d5 4. Bg2 dxc4 5. Nf3 Bd7 6. Ne5 Bc6 7. Nxc6 Nxc6 8.
O-O Qd7 9. e3 Rd8 10. Qa4 Nb4 11. Qxd7+ Rxd7 12. Na3 c5 13. dxc5 Bxc5 14. Nxc4
Nd3 15. a4 Ke7 16. b3 Rc8 17. Bd2 Bb4 18. Bxb4+ Nxb4 19. Rfd1 Rcc7 20. Rdc1 Nd3
21. Rc3 Ne5 22. Nxe5 Rxc3 23. Nxd7 Nxd7 24. Bxb7 Nc5 25. Bf3 Nxb3 26. Ra3 Rc1+
27. Kg2 Nc5 28. a5 Kd6 29. Ra2 Kc7 30. a6 Rc4 31. Be2 Ra4 32. Rc2 Kd6 33. h4 Ra5
34. Rd2+ Kc7 35. Rc2 Kd6 36. Rd2+ Kc7 37. Rc2 1/2-1/2

[Event "Sunway Sitges Open 2017"]
[Site "Sitges ESP"]
[Date "2017.12.18"]
[Round "4.3"]
[White "Aravindh, Chithambaram VR."]
[Black "Predke, Alexandr"]
[Result "1/2-1/2"]
[WhiteTitle "GM"]
[BlackTitle "GM"]
[WhiteElo "2586"]
[BlackElo "2599"]
[WhiteFideId "5072786"]
[BlackFideId "24107581"]
[EventDate "2017.12.15"]

1. e4 e5 2. Nf3 Nc6 3. Bb5 a6 4. Ba4 Nf6 5. O-O Be7 6. d3 d6 7. c3 O-O 8. Re1 b5
9. Bc2 d5 10. Nbd2 d4 11. cxd4 Nxd4 12. h3 Nd7 13. Nxd4 exd4 14. f4 c5 15. Nf3
Bb7 16. Qe2 Rc8 17. Kh1 Qb6 18. b3 Rfe8 19. Bd2 Bf8 20. Qf2 g6 21. Rf1 Bg7 22.
Rae1 c4 23. bxc4 bxc4 24. dxc4 Nc5 25. Rb1 Qe6 26. Nxd4 Bxd4 27. Qxd4 Nxe4 28.
Bxe4 Bxe4 29. f5 Qxc4 30. Qxc4 Rxc4 31. fxg6 hxg6 32. Rb2 Rec8 1/2-1/2

[Event "Sunway Sitges Open 2017"]
[Site "Sitges ESP"]
[Date "2017.12.18"]
[Round "4.5"]
[White "Shankland, Samuel"]
[Black "Gascon Del Nogal, Jose Rafael"]
[Result "1-0"]
[WhiteTitle "GM"]
[BlackTitle "IM"]
[WhiteElo "2662"]
[BlackElo "2479"]
[WhiteFideId "2004887"]
[BlackFideId "3902463"]
[EventDate "2017.12.15"]

1. Nf3 Nf6 2. c4 e6 3. b3 d5 4. Bb2 c5 5. cxd5 exd5 6. e3 a6 7. Be2 Nc6 8. O-O
d4 9. d3 Be7 10. exd4 cxd4 11. Na3 O-O 12. Nc2 Bc5 13. b4 Nxb4 14. Nxb4 Bxb4 15.
Nxd4 Bd6 16. Nc2 Nd5 17. Bf3 Nf4 18. g3 Nh3+ 19. Kh1 Qb6 20. Rb1 Qa5 21. Ne3 Qg5
22. Bc1 Bc5 23. d4 Ba7 24. Nd5 Qd8 25. Ba3 Re8 26. Rc1 Ng5 27. Nc7 Bh3 28. Rg1
Qd7 29. Bg2 Ne4 30. Rc2 Qf5 31. Nxa8 Bg4 32. Qf1 Bxd4 33. Nc7 Bxf2 34. Nxe8
Nxg3+ 35. hxg3 Qh5+ 36. Bh3 Bxh3 37. Qxf2 Bf1+ 38. Qh2 Qf3+ 39. Rgg2 Bxg2+ 40.
Qxg2 Qh5+ 41. Kg1 Qd1+ 42. Kh2 1-0

[Event "Sunway Sitges Open 2017"]
[Site "Sitges ESP"]
[Date "2017.12.18"]
[Round "4.6"]
[White "Karthik, Venkataraman"]
[Black "Salem, A.R. Saleh"]
[Result "1/2-1/2"]
[WhiteTitle "FM"]
[BlackTitle "GM"]
[WhiteElo "2475"]
[BlackElo "2638"]
[WhiteFideId "25006479"]
[BlackFideId "9301348"]
[EventDate "2017.12.15"]

1. e4 c5 2. Nf3 d6 3. d4 cxd4 4. Nxd4 Nf6 5. Nc3 a6 6. Be3 Ng4 7. Bg5 h6 8. Bh4
g5 9. Bg3 Bg7 10. h3 Ne5 11. Nf5 Bxf5 12. exf5 Nbc6 13. Nd5 e6 14. fxe6 fxe6 15.
Ne3 Qa5+ 1/2-1/2

[Event "Sunway Sitges Open 2017"]
[Site "Sitges ESP"]
[Date "2017.12.18"]
[Round "4.7"]
[White "Sosa, Tomas ARG"]
[Black "Zubov, Alexander"]
[Result "1/2-1/2"]
[WhiteTitle "IM"]
[BlackTitle "GM"]
[WhiteElo "2460"]
[BlackElo "2626"]
[WhiteFideId "121576"]
[BlackFideId "14109409"]
[EventDate "2017.12.15"]

1. e4 d6 2. d4 Nf6 3. Nc3 c6 4. Nf3 Bg4 5. Be2 e6 6. Be3 d5 7. e5 Bxf3 8. Bxf3
Nfd7 9. O-O g6 10. Ne2 Bg7 11. Nf4 Na6 12. Re1 Nc7 13. Rc1 Qe7 14. Qd2 O-O 15.
Nd3 Rfe8 16. Bg5 Qf8 17. Qa5 Nb5 18. c3 a6 19. Be3 Rec8 20. b3 Qa3 21. Qxa3 Nxa3
22. c4 b5 23. cxd5 cxd5 24. Nb4 Bf8 25. Nxd5 exd5 26. Bxd5 Rab8 27. e6 Nf6 28.
exf7+ Kg7 29. Be6 Rxc1 30. Rxc1 Rd8 31. d5 Rxd5 32. Bxd5 Nxd5 33. Rc6 Nxe3 34.
fxe3 Kxf7 35. Rxa6 b4 36. Kf2 h5 37. Ke2 Be7 38. Kd3 Bf8 39. Kd2 Be7 40. Kd3 Bf8
41. Ke4 Be7 1/2-1/2

[Event "Sunway Sitges Open 2017"]
[Site "Sitges ESP"]
[Date "2017.12.18"]
[Round "4.9"]
[White "Bilguun, Sumiya"]
[Black "Sokolov, Ivan"]
[Result "1/2-1/2"]
[WhiteTitle "IM"]
[BlackTitle "GM"]
[WhiteElo "2459"]
[BlackElo "2589"]
[WhiteFideId "4901541"]
[BlackFideId "14400030"]
[EventDate "2017.12.15"]

1. e4 e5 2. Nf3 Nc6 3. Bb5 a6 4. Ba4 Nf6 5. O-O Be7 6. Re1 b5 7. Bb3 d6 8. c3
O-O 9. h3 Nb8 10. d4 Nbd7 11. Nbd2 Bb7 12. Bc2 Re8 13. Nf1 Bf8 14. Ng3 g6 15. b3
a5 16. d5 c6 17. c4 Nc5 18. Bg5 Ba6 19. cxb5 Bxb5 20. a4 Ba6 21. dxc6 Rc8 22.
Qd2 Rxc6 23. Bxf6 Qxf6 24. Qxa5 Rec8 25. b4 Nb7 26. Qd5 Rxc2 27. b5 R8c5 28. Qd3
R2c3 29. Qe2 Bxb5 30. axb5 Qd8 31. Reb1 Bh6 32. b6 Rc8 33. Nf1 Qd7 34. Ra7 Qc6
35. Qb5 Qxb5 36. Rxb5 Rb8 37. N3h2 f5 38. exf5 gxf5 39. Ng3 f4 40. Ne4 Rc1+ 41.
Nf1 Kf8 42. g3 Ke7 43. gxf4 Bxf4 44. Kg2 Kd7 45. Nfg3 Kc6 46. Rb4 d5 47. Nf6 Rc2
48. Nf5 Bg5 49. Ne7+ Kc5 50. Nd7+ Kxb4 51. Nxb8 Bxe7 52. Rxb7 Bd6 53. Na6+ Kb5
54. Rd7 Kxa6 55. Rxd6 Rd2 56. Kf3 e4+ 57. Ke3 Rd3+ 58. Ke2 Rxh3 59. Rxd5 Kxb6
60. Re5 Rh4 1/2-1/2

[Event "Sunway Sitges Open 2017"]
[Site "Sitges ESP"]
[Date "2017.12.18"]
[Round "4.10"]
[White "Starostits, Ilmars"]
[Black "Petrov, Nikita"]
[Result "1/2-1/2"]
[WhiteTitle "GM"]
[BlackTitle "IM"]
[WhiteElo "2427"]
[BlackElo "2574"]
[WhiteFideId "11600748"]
[BlackFideId "4101286"]
[EventDate "2017.12.15"]

1. d4 d5 2. Nf3 Nf6 3. c4 c6 4. e3 Bg4 5. h3 Bh5 6. Nc3 e6 7. g4 Bg6 8. Ne5 Nbd7
9. Nxg6 hxg6 10. g5 Ne4 11. Nxe4 dxe4 12. Qb3 Qb6 13. h4 f5 14. Bd2 Be7 15. Bg2
O-O-O 1/2-1/2

[Event "Sunway Sitges Open 2017"]
[Site "Sitges ESP"]
[Date "2017.12.18"]
[Round "4.11"]
[White "Liang, Awonder"]
[Black "Raja, Harshit"]
[Result "1-0"]
[WhiteTitle "GM"]
[BlackTitle "IM"]
[WhiteElo "2573"]
[BlackElo "2420"]
[WhiteFideId "2056437"]
[BlackFideId "5089000"]
[EventDate "2017.12.15"]

1. Nf3 Nf6 2. c4 e6 3. g3 d5 4. Bg2 Be7 5. O-O c5 6. d4 cxd4 7. cxd5 Nxd5 8.
Nxd4 O-O 9. Qb3 Nc6 10. Nxc6 bxc6 11. e4 Nb6 12. Rd1 Qc7 13. Nc3 e5 14. Qc2 Bc5
15. b4 Bxb4 16. Nd5 Nxd5 17. exd5 Bg4 18. Rf1 c5 19. a3 Ba5 20. d6 Qc8 21. Bb2
c4 22. Rac1 Rb8 23. Bxe5 Qe6 24. Bf4 Be2 25. Bd5 Qxd5 26. Qxe2 Qd3 27. Qxd3 cxd3
28. Rc5 Bd8 29. Rd1 Rb3 30. d7 Bf6 31. Rc8 1-0

[Event "Sunway Sitges Open 2017"]
[Site "Sitges ESP"]
[Date "2017.12.18"]
[Round "4.12"]
[White "Vasquez Schroeder, Rodrigo"]
[Black "Garriga Cazorla, Pere"]
[Result "1/2-1/2"]
[WhiteTitle "GM"]
[BlackTitle "IM"]
[WhiteElo "2547"]
[BlackElo "2406"]
[WhiteFideId "3400042"]
[BlackFideId "32011601"]
[EventDate "2017.12.15"]

1. e4 c5 2. Nf3 d6 3. d4 cxd4 4. Qxd4 Nc6 5. Bb5 Bd7 6. Bxc6 Bxc6 7. Nc3 Nf6 8.
Bg5 e6 9. O-O-O Be7 10. Rhe1 O-O 11. Kb1 Rc8 12. Bh4 Qa5 13. Qd2 Qc5 14. Qd4 Qa5
15. Qd2 Qc5 16. Qd4 Qa5 17. Qd2 1/2-1/2

[Event "Sunway Sitges Open 2017"]
[Site "Sitges ESP"]
[Date "2017.12.18"]
[Round "4.13"]
[White "Khademalsharieh, Sarasadat"]
[Black "Santos Latasa, Jaime"]
[Result "1/2-1/2"]
[WhiteTitle "IM"]
[BlackTitle "IM"]
[WhiteElo "2406"]
[BlackElo "2536"]
[WhiteFideId "12512214"]
[BlackFideId "2293307"]
[EventDate "2017.12.15"]

1. d4 Nf6 2. c4 e6 3. Nf3 d5 4. Nc3 c6 5. Bg5 Nbd7 6. e3 h6 7. Bh4 g5 8. Bg3 Nh5
9. Be5 Nxe5 10. Nxe5 Nf6 11. h4 Nd7 12. Nxd7 Bxd7 13. hxg5 Qxg5 14. cxd5 exd5
15. Qd2 h5 16. g3 h4 17. gxh4 Rxh4 18. Rxh4 Qxh4 19. O-O-O O-O-O 20. Bd3 Kb8 21.
Qc2 Qf6 22. Kb1 Bd6 23. Rg1 Rh8 24. a3 a6 25. Na4 Ka7 26. Qd2 Bc8 27. Ka2 Bc7
28. Qc2 Kb8 29. Nc5 Bd6 30. Na4 Ka7 31. Qd2 Bc7 32. Qc2 Bd6 1/2-1/2

[Event "Sunway Sitges Open 2017"]
[Site "Sitges ESP"]
[Date "2017.12.18"]
[Round "4.14"]
[White "Tania, Sachdev"]
[Black "Dann, Matthias"]
[Result "0-1"]
[WhiteTitle "IM"]
[BlackTitle "IM"]
[WhiteElo "2400"]
[BlackElo "2517"]
[WhiteFideId "5007844"]
[BlackFideId "24638056"]
[EventDate "2017.12.15"]

1. d4 Nf6 2. c4 g6 3. Nc3 Bg7 4. e4 d6 5. f3 O-O 6. Nge2 a6 7. Be3 Nbd7 8. Qd2
b5 9. cxb5 axb5 10. Nxb5 c6 11. Nbc3 e5 12. Nc1 d5 13. exd5 Nxd5 14. Nxd5 cxd5
15. Be2 Re8 16. O-O Ba6 17. Bxa6 Rxa6 18. Nd3 Rae6 19. Rfe1 e4 20. Nf4 Rd6 21.
a4 exf3 22. gxf3 Qb6 23. a5 Qa7 24. Kg2 Bh6 25. b4 Rxe3 26. Rxe3 Nf6 27. Re5 Nd7
28. b5 Rf6 29. Rxd5 Bxf4 30. Qc3 Kg7 31. b6 Qb7 32. Rb5 Nb8 33. d5 Qd7 34. Rc5
Qf5 35. d6 Qe6 36. Ra2 Qxa2+ 0-1

[Event "Sunway Sitges Open 2017"]
[Site "Sitges ESP"]
[Date "2017.12.18"]
[Round "4.15"]
[White "Ayats Llobera, Gerard"]
[Black "Santos Ruiz, Miguel"]
[Result "1/2-1/2"]
[WhiteTitle "FM"]
[BlackTitle "IM"]
[WhiteElo "2285"]
[BlackElo "2509"]
[WhiteFideId "32067607"]
[BlackFideId "22291482"]
[EventDate "2017.12.15"]

1. e4 c5 2. Nf3 d6 3. d4 cxd4 4. Nxd4 Nf6 5. Nc3 a6 6. Be2 e5 7. Nf3 Be7 8. Bg5
Nbd7 9. a4 O-O 10. Nd2 d5 11. exd5 Nxd5 12. Bxe7 Nxe7 13. Nc4 Nc6 14. Qd6 Nf6
15. O-O-O 1/2-1/2

[Event "Sunway Sitges Open 2017"]
[Site "Sitges ESP"]
[Date "2017.12.18"]
[Round "4.16"]
[White "Manolache, Marius"]
[Black "Chu, Ruotong"]
[Result "1/2-1/2"]
[WhiteTitle "GM"]
[WhiteElo "2495"]
[BlackElo "2166"]
[WhiteFideId "1201530"]
[BlackFideId "8605653"]
[EventDate "2017.12.15"]

1. d4 Nf6 2. Nf3 g6 3. Bf4 Bg7 4. Nc3 d5 5. Qd2 Ne4 6. Qe3 Nxc3 7. Qxc3 Nc6 8.
e3 a5 9. Bb5 Bd7 10. a4 f6 11. Bg3 e6 12. O-O Bf8 13. Rad1 Bd6 14. Bxd6 cxd6 15.
Qa3 Qe7 16. Rfe1 Nb4 17. Rd2 f5 18. c3 Na6 19. b3 Nc7 20. c4 Bxb5 21. cxb5 Kd7
22. b4 Rhc8 23. Rc1 axb4 24. Qxb4 Qd8 25. Rdc2 Ne8 26. b6 Rxc2 27. Rxc2 Rc8 28.
Qb5+ Ke7 29. Rxc8 Qxc8 30. h3 Nf6 31. a5 Qc4 32. Qb2 Nd7 33. Qa3 Nb8 34. Ne5 Qb5
35. Kh2 Na6 36. Nd3 Qc4 37. h4 Qb5 38. Kg3 Kd7 39. Qc3 Qc4 40. Qd2 Qb5 41. Kf4
h6 42. Kg3 Nb8 43. Nf4 g5 44. hxg5 hxg5 45. Nh3 1/2-1/2

[Event "Sunway Sitges Open 2017"]
[Site "Sitges ESP"]
[Date "2017.12.18"]
[Round "4.17"]
[White "Edouard, Romain"]
[Black "Kaasen, Tor Fredrik"]
[Result "1-0"]
[WhiteTitle "GM"]
[BlackTitle "FM"]
[WhiteElo "2621"]
[BlackElo "2347"]
[WhiteFideId "633429"]
[BlackFideId "1516647"]
[EventDate "2017.12.15"]

1. c4 e6 2. g3 Nf6 3. Bg2 d5 4. Nf3 dxc4 5. Qa4+ Bd7 6. Qxc4 c5 7. Ne5 Qc8 8.
Qd3 Nc6 9. Nxd7 Qxd7 10. Qxd7+ Kxd7 11. d3 Be7 12. Nc3 Rac8 13. b3 Nd4 14. Kd2
b6 15. Bb2 Rhd8 16. e3 Nc6 17. Ke2 Nb4 18. a3 Nc6 19. Rab1 Ke8 20. f4 a6 21.
Rhc1 Na5 22. Ba1 b5 23. Ne4 c4 24. dxc4 Nxe4 25. Bxe4 Bxa3 26. Rc2 bxc4 27. Ra2
f5 28. Rxa3 fxe4 29. Rxa5 cxb3 30. Bd4 Rc2+ 31. Kd1 Rdc8 32. Rb2 Rc1+ 33. Kd2
R8c4 34. Ra4 Rc6 35. Rxa6 Rc7 36. Rxe6+ Kf7 37. Rxe4 Rh1 38. Rxb3 Rcc1 39. Rb7+
Kg6 40. Rxg7+ 1-0

[Event "Sunway Sitges Open 2017"]
[Site "Sitges ESP"]
[Date "2017.12.18"]
[Round "4.18"]
[White "O'Donnell, Conor"]
[Black "Can, Emre"]
[Result "1/2-1/2"]
[WhiteTitle "FM"]
[BlackTitle "GM"]
[WhiteElo "2349"]
[BlackElo "2605"]
[WhiteFideId "2504243"]
[BlackFideId "6302181"]
[EventDate "2017.12.15"]

1. d4 Nf6 2. c4 e6 3. Nc3 Bb4 4. Qc2 d5 5. cxd5 exd5 6. Bg5 c5 7. dxc5 h6 8. Bh4
O-O 9. e3 Be6 10. Bd3 d4 11. exd4 Nc6 12. Ne2 Nxd4 13. Nxd4 Qxd4 14. Bxf6 Qxf6
15. O-O Bxc3 16. Qxc3 Qxc3 17. bxc3 Rfc8 18. Be4 Rxc5 19. Bxb7 Rb8 20. Ba6 Rb6
21. Be2 Rb2 22. Bf3 Bxa2 23. Rfc1 a5 24. h4 Kf8 25. c4 Ke7 26. Rc3 Rb3 27. Rcc1
Rb2 28. Rc3 Kf6 29. Bd5 Rb1+ 30. Rxb1 Bxb1 31. Rf3+ Ke5 32. Rxf7 g6 33. Kf1 Kd4
34. Ke1 Kc3 35. Kd1 a4 36. Kc1 Ba2 37. Rf3+ Kb4 38. Rf6 Bxc4 39. Bxc4 Rxc4+ 40.
Kb2 Rg4 41. g3 h5 42. Rb6+ Ka5 43. Re6 Rb4+ 44. Ka2 Rb6 45. Re5+ Kb4 46. Re4+
Kb5 47. Ka3 Ra6 48. f4 Kc5 49. f5 Kd5 50. Rf4 Ke5 51. fxg6 Rxg6 52. Rf3 Rg4 53.
Rc3 Kd6 54. Rf3 Ke6 55. Rc3 Re4 56. Rc5 Re5 57. Rc3 Kf5 58. Kxa4 Kg4 59. Kb4 Rd5
60. Kc4 Rd1 61. Rd3 Rxd3 62. Kxd3 Kxg3 63. Ke3 Kxh4 64. Kf2 Kh3 1/2-1/2

[Event "Sunway Sitges Open 2017"]
[Site "Sitges ESP"]
[Date "2017.12.18"]
[Round "4.19"]
[White "Asis Gargatagli, Hipolito"]
[Black "Kholopov, Alexander A."]
[Result "1-0"]
[WhiteTitle "IM"]
[BlackTitle "FM"]
[WhiteElo "2531"]
[BlackElo "2292"]
[WhiteFideId "2260735"]
[BlackFideId "4148100"]
[EventDate "2017.12.15"]

1. e4 d6 2. d4 Nf6 3. Nc3 e5 4. Nf3 Nbd7 5. Bc4 Be7 6. a4 O-O 7. O-O c6 8. h3
Nxe4 9. Nxe4 d5 10. Re1 dxe4 11. Rxe4 exd4 12. Bf4 Nb6 13. Rxd4 Qe8 14. Bb3 Bc5
15. Bd6 Bxd6 16. Rxd6 Qe7 17. a5 Nd7 1-0

[Event "Sunway Sitges Open 2017"]
[Site "Sitges ESP"]
[Date "2017.12.18"]
[Round "4.20"]
[White "Alonso Rosell, Alvar"]
[Black "Charochkina, Daria"]
[Result "1-0"]
[WhiteTitle "GM"]
[BlackTitle "IM"]
[WhiteElo "2509"]
[BlackElo "2317"]
[WhiteFideId "2270544"]
[BlackFideId "4180917"]
[EventDate "2017.12.15"]

1. d4 d5 2. c4 c6 3. Nf3 Nf6 4. Nc3 e6 5. g3 Ne4 6. Qc2 f5 7. Bg2 Bd6 8. O-O O-O
9. Ne5 Nd7 10. Nd3 dxc4 11. Ne5 Bxe5 12. dxe5 Nxc3 13. Qxc3 Nb6 14. Bf4 Qe7 15.
Rfd1 Nd5 16. Qxc4 Bd7 17. a4 a5 18. Bd2 Be8 19. Bf3 g5 20. Qc1 f4 21. gxf4 Nxf4
22. Be3 Qg7 23. Kh1 Qxe5 24. Qc4 Bh5 25. Bxh5 Nxh5 26. Rd7 Nf6 27. Rxb7 Ne4 28.
Qd4 Qxd4 29. Bxd4 Rad8 30. Rg7+ Kh8 31. Rd7+ Kg8 32. Rg7+ Kh8 33. Be5 Nxf2+ 34.
Kg1 Ng4 35. Bc3 e5 36. Rxg5 Rg8 37. Rxg8+ Rxg8 38. Bxa5 Nf6+ 39. Kf2 Ng4+ 40.
Kg3 Ne3+ 41. Kf3 Nc2 42. Rd1 Nd4+ 43. Ke4 Rg4+ 44. Kxe5 Nxe2 45. b3 Kg7 46. Bd2
Kf7 47. Be3 Rh4 48. Kd6 Rh3 49. Rf1+ Kg6 50. Bb6 Rxb3 51. Kxc6 Rb4 52. a5 Nd4+
53. Bxd4 Rxd4 54. Ra1 Rf4 55. a6 Rf6+ 56. Kd5 Rf5+ 57. Ke4 1-0